Principles and applications of electrochemistry : Vol. II. Applications /
Guardado en:
| Autor Principal: | |
|---|---|
| Otros Autores: | |
| Formato: | Libro |
| Idioma: | English |
| Publicado: |
New York : London :
J. Wiley & Sons, inc. ; Chapman & Hall, ltd.,
1944.
|
| Edición: | 2nd ed. |
| Materias: | |
| Etiquetas: |
Agregar Etiqueta
Sin Etiquetas, Sea el primero en etiquetar este registro!
|
| LEADER | 00863cam a22002051a 4500 | ||
|---|---|---|---|
| 001 | EIQ.libpla004494 | ||
| 008 | 730122s1944####nyua#####b####000#0#eng## | ||
| 005 | 20141023110011.0 | ||
| 245 | 1 | 0 | |a Principles and applications of electrochemistry : |b Vol. II. Applications / |c by W. A. Koehler. |
| 250 | |a 2nd ed. | ||
| 260 | |a New York : |b J. Wiley & Sons, inc. ; |a London : |b Chapman & Hall, ltd., |c 1944. | ||
| 300 | |a v, 573 p. : |b il., diagrs. ; |c 22 cm. | ||
| 504 | |a Incluye referencias bibliográficas e índices. | ||
| 505 | 0 | |a Vol. I. Principles, by H. J. Creighton. 4th ed. -- Vol. II. Applications, by W. A. Koehler. 2d ed. | |
| 100 | 1 | |a Creighton, Henry Jermain Maude, |d 1886- | |
| 700 | 1 | |a Koehler, W. A. |q (Walter Allos), |d 1893- | |
| 082 | |a 541.37 | ||
| 650 | 0 | |a Electrochemistry | |
| 650 | 0 | |a Electroquímica | |
| 859 | |a AR-BbSID |b BIB. PLAPIQUI |h 541.37 |i K818 |p 6339 |v 2 |3 Vol. 2 | ||
